000 01399nab a2200253 i 4500
001 768714001
003 CO-MdFUSB
005 20240723162131.0
008 240723t1990 enk||||| |||| 00| 0 eng d
040 _bspa
_cCO-MdFUSB
_dCO-MdFUSB
041 _aeng
100 _aSchaller, Hans,
_d1942-
_eautor
245 _aAsking and thanking - a meaningful unity
_c/ Hans Schaller ; traducido por John Bowden
520 _aLa rutina diaria implica hacer peticiones y expresar gratitud. Y se usan palabras que son reconocibles y habituales en este escenario, que hacen parte del comportamiento diario, de la comunicación y su significado es evidente por sí mismo. Este artículo explora lo que, se presupone sin cuestionar cuando se hacen peticiones y se dan las gracias. ¿Qué contiene la oración o la acción de gracias? ¿Cuáles son las dimensiones más profundas de este comportamiento cotidiano?.
546 _aTexto en inglés.
650 7 _aOración
_986
650 7 _aAntropología cultural y social
_96714
650 7 _aBiblia y unidad cristiana
_97330
650 7 _aTeología pastoral y unidad cristiana
_97183
700 1 _aBowden, John
_d1935-2010
773 0 _070507
_982840
_dLondres : Board, 1966.
_oR2692
_tConcilium :
_w(CO-MdFUSB)768714001
_x0010-5236
_gNúmero 3, (junio, 1990), páginas: 1- 6
_qpágina: 1
942 _cANA
945 _aCatherine Arias Álvarez - Practicante SENA
999 _c70568
_d70568